000
00290nam a22001337a 4500
008
180924b xxu||||| |||| 00| 0 eng d
020
_a
2900078036216
041
_a
eng
080
_a
371
100
_a
25
101
_a
EDU
245
_a
Read, Reason, Write
_c
Seyler, D.U
942
_2
udc
_c
BK
999
_c
48402
_d
48402